Les président de la France 10 dernier - Statistiques

Statistiques générales
  • Ce quiz a été pris 160 fois
  • Le résultat moyen est 8 sur 10
Statistiques - réponses
Mandat Président(e) % Correct
2017- Emmanuel Macron
100%
2012-2017 François Hollande
99%
2007-2012 Nicolas Sarkozy
97%
1995-2007 Jacques Chirac
95%
1959-1969 Charles de Gaulle
94%
1981-1995 François Mitterrand
91%
1974-1981 Valéry Giscard d'Estaing
91%
1969-1974 Georges Pompidou
86%
1954-1959 René Coty
44%
1947-1954 Vincent Auriol
25%
Aucun quiz correspondant
Distribution des résultats
% des personnes avec chaque résultat
Percentile par nombre de réponses
Votre historique - résultats
Vous n’avez pas pris ce quiz